[Event "36th Mitropa Cup Open 2018"]
[Site "Isola Capo Rizzuto"]
[Date "2018.06.09"]
[Round "9"]
[White "Studer, Noel"]
[Black "Biolek, Richard"]
[Result "0-1"]
[WhiteElo "2475"]
[BlackElo "2410"]
[Annotator "TA"]
[PlyCount "144"]
[EventDate "2018.05.31"]
[EventType "team-tourn"]
[EventCountry "ITA"]
[SourceTitle "playchess.com"]
[Source "ChessBase"]
[SourceQuality "1"]
[WhiteTeam "Switzerland"]
[BlackTeam "Czech Republic"]
[WhiteTeamCountry "SUI"]
[BlackTeamCountry "CZE"]

{[%evp 14,144,34,38,40,39,66,64,73,68,66,68,72,76,78,71,81,71,78,50,72,44,45,62,72,70,73,75,85,64,66,0,43,0,0,0,58,0,64,27,47,2,8,5,29,33,35,31,35,31,66,22,63,49,46,29,65,48,52,40,54,7,50,0,54,-95,-95,-96,-96,-206,-192,-190,-193,-358,-83,-77,-77,-85,-20,-33,-12,-14,0,-26,-22,-18,-8,-8,-8,-8,-8,-8,-8,-8,-8,-8,-8,-8,-8,-27,-27,-33,-33,-34,-34,-554,-550,-554,-540,-546,-535,-533,0,-525,0,-508,-480,-483,-473,-469,-479,-427,-421,-555,-555,-622,-555,-511,-441,-1094,-1089,-2260,-2169]} 1. d4 d5 2. c4 Nc6 3. Nc3 Nf6 4. Nf3 dxc4 5. e4 Bg4 6. Be3 e6 7. Bxc4 Bb4 8. Qd3 {LiveBook: 45 Partien} a6 {D07: Damengambit (Tschigorin-Verteidigung)} (8... Bh5 9. a3 Bxc3+ 10. bxc3 Bg6 11. Nd2 Nxe4 12. Nxe4 Qh4 13. O-O Qxe4 14. Qe2 O-O 15. Rac1 Ne7 16. Qb2 {0-1 (48) Stojanovic,M (2493)-Miladinovic,I (2535) Ruma 2017}) 9. Nd2 e5 {[%cal Re5d4]} 10. d5 Na5 $146 {Weiß steht etwas besser.} ({Vorgänger:} 10... Ne7 11. a3 Bd6 12. O-O Bd7 13. f3 Nh5 14. Ba2 Nf4 15. Qc2 Neg6 16. Kh1 {½-½ (47) Boehme,S (2288)-Nichols,S (2200) FICGS email 2010}) 11. f3 Bd7 12. a3 Nxc4 13. Nxc4 Bd6 14. b4 Qe7 15. O-O O-O 16. Rfb1 Rfc8 17. b5 axb5 18. Nxb5 Bxb5 19. Rxb5 b6 20. a4 Nd7 21. a5 bxa5 22. Nxa5 (22. Rbxa5 $14 Rxa5 23. Rxa5) 22... Rcb8 23. Rc1 Rxb5 24. Qxb5 h6 (24... f5 $1 $11) 25. g3 (25. Nc4 $14) 25... Nf6 (25... f5 $11) 26. Nc6 Qd7 27. Ba7 Qh3 28. Qf1 Qc8 29. Kg2 Kh7 30. Qb5 Qd7 31. Qb1 Ne8 32. Rc2 g6 33. Ra2 Ng7 34. Qb7 Rf8 35. Qb2 Re8 36. h3 f5 37. Bf2 Qf7 38. Ra7 Qf6 (38... fxe4 $11 39. fxe4 Nh5) 39. Na5 (39. Qe2 $14 {behält die Oberhand.}) 39... fxe4 $17 40. fxe4 Rf8 {Weiss muss nun ...Df3+ beachten.} 41. Nb7 (41. Nc4 $17) 41... Qf3+ $19 42. Kg1 {[#]} Be7 $1 ({Lieber nicht} 42... Qxe4 43. Nxd6 cxd6 44. Qb7 $11) 43. d6 $2 (43. Ra2 Qxe4 44. Nc5 Bxc5 45. Bxc5) 43... Bxd6 $2 ({Jedoch nicht} 43... cxd6 44. Na5 $19) (43... Bg5 $19 44. Ra2 Be3 45. Bxe3 Qxg3+ 46. Qg2 Qxe3+ 47. Kh2 Qf4+ 48. Qg3 Qxe4) 44. Nxd6 $17 cxd6 45. Qd2 Qxe4 ({Lieber} 45... h5 $17 46. Qe3 Qd1+ 47. Qe1 Qc2) 46. Qxd6 $11 Qb1+ 47. Kg2 Qe4+ 48. Kg1 Qf5 49. Qb6 Rf7 {zielt auf ...Txa7 ab.} 50. g4 $132 {[%mdl 2048] Weiss has counterplay} Qf3 {[#] Und weiter mit ...Txa7 wäre nett.} 51. Rxf7 Qxf7 52. Qd6 Qf3 53. Qxe5 Qxh3 54. Qf4 Qb3 55. Bd4 Qe6 56. Kf2 Qe7 57. Kg1 Qe1+ 58. Kg2 Qe2+ 59. Kg1 $2 {[%mdl 8192]} (59. Kh3 $15) 59... g5 $19 60. Qf6 {[%csl Gd4][%cal Rf6g7]} Qxg4+ 61. Kh1 {[%csl Gd4][%cal Rf6g7]} Qe4+ 62. Kg1 {[%csl Gd4][%cal Rf6g7]} Qg4+ 63. Kh1 $1 {[%csl Gd4][%cal Rf6g7]} Qe4+ 64. Kg1 {[%csl Gd4][%cal Rf6g7]} Qg6 {Schwarz steht klar auf Gewinn.} 65. Qe5 Qf7 (65... Qb1+ $2 66. Kg2 $19) 66. Bc3 Kg6 67. Qe4+ Qf5 68. Qc6+ Qe6 69. Qc7 Nf5 70. Be5 Nh4 71. Qc2+ (71. Bg3 $142 Kh5 72. Qc5) 71... Kh5 72. Qe2+ Qg4+ {Precision: Weiß = 33%, Schwarz = 47%.} 0-1

[Event "36th Mitropa Cup Open 2018"]
[Site "Isola Capo Rizzuto"]
[Date "2018.06.09"]
[Round "9"]
[White "Nagy, Gabor"]
[Black "Valsecchi, Alessio"]
[Result "1/2-1/2"]
[WhiteElo "2472"]
[BlackElo "2510"]
[Annotator "TA"]
[PlyCount "32"]
[EventDate "2018.05.31"]
[EventType "team-tourn"]
[EventCountry "ITA"]
[SourceTitle "playchess.com"]
[Source "ChessBase"]
[SourceQuality "1"]
[WhiteTeam "Hungary"]
[BlackTeam "Italy"]
[WhiteTeamCountry "HUN"]
[BlackTeamCountry "ITA"]

{[%evp 15,17,0,3,0]} 1. d4 Nf6 2. Nf3 d5 3. Bg5 e6 4. e3 Be7 5. Nbd2 O-O 6. Bd3 c5 7. c3 Nc6 8. O-O b6 {LiveBook: 26 Partien} 9. Qe2 {D03: Damenbauernspiele} {Vorgänger:} Bb7 $146 10. a3 Nd7 11. Bf4 c4 12. Bc2 f5 13. Ba4 Nf6 14. h3 a6 15. Bc2 Nd7 16. b3 b5 {1-0 (48) Cheng,B (2435)-Khusnutdinov,R (2472) Melbourne 2014} 1/2-1/2

[Event "36th Mitropa Cup Open 2018"]
[Site "Isola Capo Rizzuto"]
[Date "2018.06.09"]
[Round "9"]
[White "Paehtz, Elisabeth"]
[Black "Tica, Sven"]
[Result "1-0"]
[WhiteElo "2472"]
[BlackElo "2446"]
[Annotator "TA"]
[PlyCount "147"]
[EventDate "2018.05.31"]
[EventType "team-tourn"]
[EventCountry "ITA"]
[SourceTitle "playchess.com"]
[Source "ChessBase"]
[SourceQuality "1"]
[WhiteTeam "Germany"]
[BlackTeam "Croatia"]
[WhiteTeamCountry "GER"]
[BlackTeamCountry "CRO"]

{[%evp 16,147,0,0,35,58,42,19,45,22,39,44,45,43,172,168,168,168,166,173,303,309,299,296,323,351,363,359,352,186,195,195,164,154,186,193,259,245,376,316,300,247,228,210,268,239,251,274,351,360,334,211,231,217,219,226,232,227,228,229,216,214,215,200,228,221,276,264,269,237,231,211,214,212,254,252,260,222,728,728,728,728,728,612,554,0,728,728,728,728,728,690,686,375,689,684,684,681,712,483,691,647,566,299,284,279,269,248,207,207,207,207,207,207,200,200,1180,519,1180,1170,1157,1148,1114,1087,1017,906,1214,1183,1071,1101,4133,2279,2054,1708]} 1. d4 d5 2. c4 e6 3. Nc3 Nf6 4. Bg5 Be7 5. cxd5 Nxd5 6. Bxe7 Qxe7 7. Rc1 {D53: Damengambit (Hauptvariante, Abweichungen)} O-O 8. Nf3 Rd8 (8... Nxc3 9. Rxc3 Nc6 10. e3 e5 11. Nxe5 Nxe5 12. dxe5 Qxe5 13. Bc4 Be6 14. Bxe6 Qxe6 {½-½ (35) Timofeev,A (2597)-Inarkiev,E (2666) Vladivostok 2014}) 9. e3 {[%cal Be2e3,Be3e4][%mdl 32] LiveBook: 6 Partien. Die Stellung ist ausgeglichen.} c5 10. Nxd5 Rxd5 11. Qc2 $146 ({Vorgänger:} 11. e4 Rd8 12. Qc2 cxd4 13. Nxd4 Rxd4 14. Qxc8+ Rd8 15. Qc5 {½-½ (15) Ros,A (2430)-Bertelsen,N (1918) ICCF email 2004}) 11... Nd7 12. e4 Rd6 13. dxc5 Rc6 {[%cal Rc6c5]} 14. b4 b6 (14... a5 $14) 15. Qa4 $1 $18 {[%cal Ra4c6]} Rc7 {[%cal Rb6c5]} 16. c6 $36 {[%mdl 2048] Weiss hat starke Initiative.} a6 17. e5 b5 (17... Raa7 $142) 18. Qa5 Raa7 {beabsichtigt ...Sb8.} 19. Bd3 Nxe5 20. Nxe5 Qg5 21. O-O $1 (21. Rc5 Qxg2 22. Rf1 f6 $11) 21... Qxe5 22. Rfd1 (22. a4 $142) 22... Qf6 23. Qb6 g6 24. Be4 Kg7 25. Qc5 e5 (25... Re7 $142 26. Rd8 Rac7) 26. Rd6 Qf4 (26... Qe7 $142 27. a3 h5) 27. Re1 {zielt auf Td8 ab.} Re7 28. g3 Qg4 29. Bg2 Qf5 30. Rd5 Rac7 31. f4 ({Viel schwächer ist} 31. Rdxe5 $6 Rxe5 32. Qxe5+ Qxe5 $16) 31... f6 32. fxe5 fxe5 33. Rdxe5 Rxe5 34. Qxe5+ (34. Rxe5 $2 {verliert.} Qb1+ 35. Kf2 Rf7+ 36. Ke3 Qg1+ 37. Kd3 Qxg2 $19) 34... Qxe5 35. Rxe5 {[%mdl 4096] Endspiel KTL-KTL} Kf6 36. Re8 Kf7 37. Rd8 Ke7 38. Rh8 Kd6 39. Kf2 Rf7+ 40. Ke3 Kc7 41. Re8 g5 42. Be4 Rf1 43. Re7+ Kd6 44. Rxh7 g4 45. Rh6+ Kc7 46. Kd4 Rc1 $2 (46... Bf5 47. Bd5 Bb1) 47. Ke5 Re1 48. Rh7+ Kb6 49. Re7 Re2 50. Rh7 Re1 $1 51. a3 Re2 52. Rh8 Kc7 53. Kd4 Re1 54. Rh7+ Kd6 $2 (54... Kb6 55. Rh4 Rd1+ 56. Ke5 Re1) 55. Rh6+ Kc7 56. Ke5 Re2 57. Rh8 Rf2 (57... Re1 $142 58. Rh6 Kb6) 58. Rh7+ Kb6 59. Bd5 Rf5+ 60. Kd6 {Droht stark Th8.} Rf6+ {[#]} 61. Ke7 $1 {[%cal Re7f6]} Rf5 62. Rh8 {Und weiter mit Kd6 wäre nett.} Rxd5 63. Rxc8 {KT-KT} Rd2 64. Rg8 Rxh2 65. Rxg4 Ra2 $2 {[#]} (65... Kxc6 66. Rg6+ Kb7) 66. Kd7 $1 {Weiß steht klar auf Gewinn.} Rd2+ (66... Rf2 $142 67. Rg7 Rd2+ 68. Kc8 Kxc6 69. Rg6+ Kd5) 67. Kc8 Kxc6 68. Rg6+ Kd5 69. Kb7 Kc4 70. Kxa6 Rd5 71. Rc6+ Kb3 72. Rc5 Rd4 73. Kxb5 Rg4 74. Rf5 {Precision: Weiß = 74%, Schwarz = 42%.} 1-0

[Event "36th Mitropa Cup Open 2018"]
[Site "Isola Capo Rizzuto"]
[Date "2018.06.09"]
[Round "9"]
[White "Guidarelli, Laurent"]
[Black "Kreisl, Robert"]
[Result "1/2-1/2"]
[WhiteElo "2464"]
[BlackElo "2402"]
[Annotator "TA"]
[PlyCount "40"]
[EventDate "2018.05.31"]
[EventType "team-tourn"]
[EventCountry "ITA"]
[SourceTitle "playchess.com"]
[Source "ChessBase"]
[SourceQuality "1"]
[WhiteTeam "France"]
[BlackTeam "Austria"]
[WhiteTeamCountry "FRA"]
[BlackTeamCountry "AUT"]

{[%evp 15,17,17,24,18]} 1. d4 Nf6 2. c4 g6 3. Nc3 d5 4. cxd5 Nxd5 5. e4 Nxc3 6. bxc3 Bg7 7. Bc4 c5 8. Ne2 Nc6 {[%cal Rc5d4] LiveBook: 1753 Games} 9. Be3 {D86: Exchange Grünfeld: Classical Line (7 Bc4)} {Predecessor:} O-O $146 10. O-O Na5 11. Bb5 b6 12. Qd2 Bb7 13. f3 Rc8 14. d5 a6 15. Bd3 e6 16. dxe6 fxe6 17. Rfd1 Rf7 18. Bc2 Qxd2 19. Bxd2 Bc6 20. Kf2 Rd7 {½-½ (20) Anton Guijarro,D (2646)-Bruzon Batista,L (2664) Havana 2018} 1/2-1/2

[Event "36th Mitropa Cup Open 2018"]
[Site "Isola Capo Rizzuto"]
[Date "2018.06.09"]
[Round "9"]
[White "Cernousek, Lukas"]
[Black "Baenziger, Fabian"]
[Result "1/2-1/2"]
[WhiteElo "2462"]
[BlackElo "2367"]
[Annotator "TA"]
[PlyCount "89"]
[EventDate "2018.05.31"]
[EventType "team-tourn"]
[EventCountry "ITA"]
[SourceTitle "playchess.com"]
[Source "ChessBase"]
[SourceQuality "1"]
[WhiteTeam "Czech Republic"]
[BlackTeam "Switzerland"]
[WhiteTeamCountry "CZE"]
[BlackTeamCountry "SUI"]

{[%evp 24,89,54,40,40,35,37,39,34,34,41,40,40,40,37,46,80,104,133,140,132,123,114,111,122,110,104,116,144,147,200,117,181,97,97,68,70,46,44,47,37,31,216,0,133,77,137,114,158,0,11,-16,-17,-25,20,22,118,0,0,0,0,0,0,0,0,0,0,0]} 1. e4 c5 2. Nf3 e6 3. d4 cxd4 4. Nxd4 a6 5. c4 Nf6 6. Nc3 Qc7 7. a3 b6 8. Be3 Bb7 {B41: Sicilian: Kan Variation: 5 c4} 9. f3 Be7 10. Be2 O-O 11. Rc1 d6 12. O-O Nbd7 13. Qd2 {LiveBook: 144 Games} Rac8 14. Rfd1 Qb8 15. b4 Rfe8 16. Kh1 Bd8 17. Bg1 Bc7 {[#]} 18. Qa2 $146 ({Predecessor:} 18. Rb1 h5 19. Qe1 {½-½ (95) Nepomniachtchi,I (2714)-Kamsky,G (2683) Sochi 2015}) 18... Ne5 19. Na4 h5 20. c5 b5 21. cxd6 $1 Bxd6 {aiming for ...Rxc1.} 22. Nc5 Bxc5 23. bxc5 h4 24. Bf2 h3 25. gxh3 Nh5 26. Qd2 Ng6 {[#]} (26... Nc6 $16 {might work better.} 27. Nxc6 Rxc6) 27. Qg5 ({Better is} 27. a4 $1 $18 {[%mdl 512]}) 27... Ngf4 (27... Qe5 $16 28. Qxe5 Nxe5) 28. Bf1 ({White should try} 28. Be3 $1 $18) 28... f6 $16 29. Qg4 f5 $1 {[%cal Rf5g4]} 30. Qg5 $1 fxe4 31. c6 Ba8 $1 32. fxe4 Rf8 $2 {[#]} (32... e5 $14 33. Nf5 Bxc6) 33. Bg3 $2 (33. Be3 $1 $18) 33... Qa7 (33... Qb6 $1 $11) 34. Rc2 (34. Qe5 $142) 34... Rf6 ({Black should play} 34... Qb6) 35. Bxf4 Nxf4 {[#]} 36. e5 $2 ({Only move:} 36. Bg2 $1 $16) 36... Rf7 37. Bg2 Nxg2 38. Qxg2 Qc7 39. Qe4 Rd7 (39... Qd8 $11) 40. Kg2 (40. Rdc1 $16 Rd5 41. Rc5 (41. Nxe6 Qxe5 42. Qxe5 Rxe5 $11)) 40... Qb6 $11 {Hoping for ...Rcd8.The position is equal.} 41. Qg6 Rxc6 42. Qe8+ (42. Nxc6 $2 {too greedy.} Bxc6+ 43. Kf1 Rxd1+ $19) 42... Kh7 {Threatens to win with ...Rc8+.} 43. Qh5+ Kg8 {...Rxc2+ is the strong threat.} 44. Qe8+ Kh7 45. Qh5+ {Precision: White = 56%, Black = 43%.} 1/2-1/2

[Event "36th Mitropa Cup Open 2018"]
[Site "Isola Capo Rizzuto"]
[Date "2018.06.09"]
[Round "9"]
[White "Sochacki, Christophe"]
[Black "Mesaros, Florian"]
[Result "1-0"]
[WhiteElo "2459"]
[BlackElo "2436"]
[Annotator "TA"]
[PlyCount "71"]
[EventDate "2018.05.31"]
[EventType "team-tourn"]
[EventCountry "ITA"]
[SourceTitle "playchess.com"]
[Source "ChessBase"]
[SourceQuality "1"]
[WhiteTeam "France"]
[BlackTeam "Austria"]
[WhiteTeamCountry "FRA"]
[BlackTeamCountry "AUT"]

{[%evp 9,71,11,29,9,13,8,16,13,20,0,56,53,54,37,53,50,62,64,76,31,52,40,45,31,89,0,82,87,102,33,120,115,119,56,116,107,126,122,133,122,127,101,185,210,268,213,202,202,441,425,504,285,274,293,294,278,268,205,1947,169,777,763,5227,4898]} 1. b3 e5 {[%cal Be7e5,Be5e4][%mdl 32]} 2. Bb2 Nc6 3. e3 Nf6 4. Bb5 e4 5. Ne2 (5. f3 a6 6. Bxc6 dxc6 7. Qe2 Bf5 8. fxe4 Bxe4 9. d3 Bg6 10. Nc3 Bc5 11. O-O-O Qe7 12. e4 {½-½ (38) Nakamura,H (2787)-Shankland,S (2671) Saint Louis 2018}) 5... Bd6 6. Ng3 {A01: Nimzowitsch-Larsen Opening} Be5 7. Nc3 $146 ({Predecessor:} 7. Qc1 O-O 8. Bxc6 Bxb2 9. Qxb2 bxc6 10. d3 exd3 11. cxd3 d5 12. O-O a5 13. Nc3 {1-0 (32) Horton,A (2397)-Krainski,A (2203) Katowice 2017}) 7... Ne7 8. f4 {The position is equal.} exf3 $1 9. gxf3 c6 (9... Ned5 $11) 10. Bd3 $14 d5 11. f4 Bd6 12. Nh5 Nxh5 13. Qxh5 Bd7 14. Rg1 g6 15. Qh4 {And now Qf6 would win.} Rf8 $1 16. Qxh7 $40 {[%mdl 128] Black needs to defend precisely.} Qa5 ({Black should try} 16... Bf5 $14) 17. Rg5 (17. Ne2 $16) 17... Nf5 (17... O-O-O $11) 18. O-O-O $16 O-O-O 19. Kb1 (19. Bxf5 $16 Bxf5 20. Rxf5 gxf5 21. Qxf5+ Kb8 22. h4) 19... Be6 ({Better is} 19... Be7 $14) 20. Ne2 Bb4 21. Qh3 (21. h4 $16) 21... Bxd2 (21... Rfe8 $14) 22. Bxf5 Bxf5 23. Rxf5 gxf5 {[#]} 24. c3 $1 {[%cal Bc2c3,Bc3c4,Bc4d5][%mdl 32]} Bxe3 25. Qxe3 Rde8 (25... Rh8 $16 {was called for.}) 26. Qd3 $18 Re4 27. c4 Rfe8 28. Nc3 Rxf4 $2 (28... Re1 {keeps fighting.}) 29. cxd5 Rd8 30. Rc1 Qb4 31. Qg3 Rg4 32. Qe5 Qf4 33. Qf6 c5 $2 (33... Qg5 34. Qxf7 Qg6 35. Qxg6 Rxg6) 34. Na4 $2 (34. Nb5 Qe3 35. Nxa7+ Kb8 {[#]} 36. Nc6+ $1 {[%mdl 512]} bxc6 37. Qxd8+ Kb7 38. d6) 34... Rxd5 $2 (34... Qe4+ 35. Ka1 Qxd5) 35. Nxc5 Rg1 36. Rxg1 {Precision: White = 49%, Black = 29%.} 1-0

[Event "36th Mitropa Cup Open 2018"]
[Site "Isola Capo Rizzuto"]
[Date "2018.06.09"]
[Round "9"]
[White "Jenni, Florian"]
[Black "Vykouk, Jan"]
[Result "1-0"]
[WhiteElo "2446"]
[BlackElo "2423"]
[Annotator "TA"]
[PlyCount "177"]
[EventDate "2018.05.31"]
[EventType "team-tourn"]
[EventCountry "ITA"]
[SourceTitle "playchess.com"]
[Source "ChessBase"]
[SourceQuality "1"]
[WhiteTeam "Switzerland"]
[BlackTeam "Czech Republic"]
[WhiteTeamCountry "SUI"]
[BlackTeamCountry "CZE"]

{[%evp 16,177,0,0,31,8,47,0,0,0,0,0,0,-2,0,0,0,0,13,8,7,12,27,17,24,0,36,0,15,0,0,0,0,-22,-22,-18,0,-54,0,0,0,0,0,0,27,31,29,28,20,19,39,6,6,6,6,14,21,21,40,40,40,40,40,42,41,44,54,54,84,52,54,49,48,31,72,76,81,11,14,18,18,22,37,0,8,0,0,0,28,8,8,8,8,8,8,8,8,8,8,8,8,8,8,8,8,8,8,8,8,8,8,0,0,0,8,8,8,8,8,8,8,8,8,0,8,0,0,0,8,0,8,8,8,8,8,8,8,0,0,0,8,8,8,0,0,6,57,8,110,90,76,97,80,8,8,15,14,15,801,656,270,12602,29985,29986]} 1. Nf3 d5 2. g3 g6 3. Bg2 Bg7 4. d4 Nd7 5. c4 (5. O-O Ngf6 6. a4 a5 7. Bf4 O-O 8. c3 b6 9. Re1 Bb7 10. Na3 Ne4 11. Nd2 e5 12. dxe5 Nxe5 13. Nxe4 dxe4 {½-½ (36) Vachier Lagrave,M (2789)-Carlsen,M (2843) Stavanger 2018}) 5... dxc4 6. Na3 {D02: 1 d4 d5 2 Nf3 sidelines, including 2...Nf6 3 g3 and 2...Nf6 3 Bf4} Nb6 7. Nxc4 Nxc4 8. Qa4+ c6 9. Qxc4 {LiveBook: 5 Games} Be6 10. Qd3 Nf6 11. O-O Bd5 12. Bf4 O-O 13. Be5 Be4 14. Qb3 Qb6 15. Nd2 Bxg2 16. Kxg2 Nd5 17. Bxg7 Kxg7 18. e3 {[#]} Rfd8 $146 ({Predecessor:} 18... Rfe8) 19. Qc2 Rac8 {White must now prevent ...c5.} 20. Nb3 Qc7 21. Rac1 h5 22. Rfd1 Nf6 23. Nc5 h4 24. Qb3 b6 25. Nd3 $1 Qb7 26. Ne5 ({Reject} 26. gxh4 c5+ 27. Kg1 Qe4 $17) ({White should try} 26. f3 $11) 26... e6 (26... c5+ $1 $15 27. Kg1 e6) 27. f3 $1 $11 c5 (27... Qa6 {keeps more tension.} 28. Qc4 Qxc4 29. Rxc4 c5 30. Rdc1 Nd5) 28. Rxc5 Rxc5 29. dxc5 Rxd1 30. Qxd1 {[#] c6 is the strong threat.} bxc5 31. b3 Qb4 32. Qc1 Nd5 33. e4 Qd4 34. Ng4 Nf6 35. Nxf6 ({Much weaker is} 35. gxh4 Nxg4 36. fxg4 Qxe4+ 37. Kg3 Qd3+ 38. Kg2 Qe2+ 39. Kg3 Qxa2 $17) 35... Qxf6 36. gxh4 {[%mdl 4096] Endgame KQ-KQ} Qd4 37. h5 gxh5 38. Qg5+ Kf8 39. Qxh5 Qd2+ 40. Kh3 Qxa2 41. Qxc5+ Kg8 42. Qc8+ Kg7 43. Qc3+ Kg6 44. f4 f6 45. Qd3 Kh6 46. f5 ({White should play} 46. Qe3 $16) 46... exf5 47. Qe3+ f4 $1 {[%cal Rf4e3]} 48. Qxf4+ Kg6 49. b4 Qa1 50. Kh4 Qd4 51. Qf5+ Kh6 52. b5 Qb2 53. h3 Qd4 54. Qh5+ Kg7 55. Qg4+ Kh6 $1 56. Qf5 Qb2 57. Qh5+ Kg7 58. Qc5 Qa1 59. Qc7+ Kg6 60. Qg3+ Kh6 $1 61. Qf4+ Kg6 62. Qf5+ Kh6 $1 63. Qf3 Qd4 64. Kg4 Qd7+ 65. Kg3 Qd4 66. h4 Qg1+ 67. Kh3 Qd4 68. Qf4+ Kh5 69. Qf5+ Kh6 70. Qf4+ Kh5 71. Qf3+ Kh6 72. Kg3 Qg1+ 73. Qg2 Qd4 74. Qf2 Qd3+ 75. Qf3 Qd4 76. Qe2 Qe5+ 77. Kh3 Qf4 78. Qd3 Kh5 79. Qd1+ Kh6 80. Qe2 Qc1 (80... f5 $11) 81. Qf2 Qc3+ (81... Qh1+ $11 82. Kg3 Qa1) 82. Kg4 $16 Qc8+ 83. Qf5 Qd8 84. Qd5 (84. Qh5+ $16 Kg7 85. Qd5 Qc8+ 86. Qf5) 84... Qc8+ $11 85. Kf4 Qh3 86. h5 Qh4+ $2 {[%mdl 8192] [#]} (86... Qc8 $11) 87. Kf5 $18 Qg5+ 88. Ke6 Kxh5 89. Qf5 {Precision: White = 53%, Black = 55%.} 1-0

[Event "36th Mitropa Cup Open 2018"]
[Site "Isola Capo Rizzuto"]
[Date "2018.06.09"]
[Round "9"]
[White "Blohberger, Felix"]
[Black "Loiseau, Quentin"]
[Result "1/2-1/2"]
[WhiteElo "2427"]
[BlackElo "2399"]
[Annotator "TA"]
[PlyCount "75"]
[EventDate "2018.05.31"]
[EventType "team-tourn"]
[EventCountry "ITA"]
[SourceTitle "playchess.com"]
[Source "ChessBase"]
[SourceQuality "1"]
[WhiteTeam "Austria"]
[BlackTeam "France"]
[WhiteTeamCountry "AUT"]
[BlackTeamCountry "FRA"]

{[%evp 14,75,26,18,28,34,42,8,9,15,30,29,37,30,24,27,20,10,4,29,61,20,29,29,25,0,0,-8,-8,-8,-8,-8,-8,-8,-16,-27,-24,-22,-23,-27,-21,-27,-18,-26,-26,-20,-19,-23,-13,-25,-16,-32,-24,-28,-6,-6,-6,-6,0,-6,-6,-10,0,-8]} 1. e4 c5 2. Nf3 Nc6 3. Bb5 e6 4. O-O Nge7 5. Re1 a6 6. Bf1 d5 7. d3 g6 {B30: Sizilianisch (Rossolimo-Variante)} (7... d4 8. e5 Nd5 9. c4 dxc3 10. bxc3 Be7 11. c4 Nb6 12. Nc3 O-O 13. Ne4 Nd7 14. Bf4 b6 15. g3 {1-0 (52) Grischuk,A (2772)-Bocharov,D (2583) Riadh 2017}) 8. exd5 {LiveBook: 7 Partien} Nxd5 9. d4 Nf6 $146 {[%cal Rc5d4] Weiß steht etwas besser.} ({Vorgänger:} 9... cxd4 10. Nxd4 Bg7 11. Nxc6 bxc6 12. c4 Ne7 13. Qxd8+ Kxd8 14. Rd1+ Kc7 15. Nc3 {1-0 (84) Hansen,E (2616)-Finegold,B (2481) chess.com INT 2017}) 10. dxc5 {Schwarz muss nun Dxd8+ beachten.} Qxd1 11. Rxd1 Bxc5 12. Nc3 b5 13. Nd2 Be7 14. Nde4 {Weiss will Sd6+ spielen.} O-O 15. Be3 Nxe4 16. Nxe4 e5 17. Bc5 Bf5 18. Bxe7 Nxe7 19. Bd3 Rfd8 20. Nf6+ Kg7 {[#] Droht stark ...Lxd3.} 21. Bxf5 Nxf5 22. Ne4 Nd4 23. c3 Ne6 24. f3 f5 25. Nf2 Nc5 26. Kf1 Kf6 27. Ke2 Ke6 28. Rac1 Rxd1 29. Rxd1 $11 {[%mdl 4096] Endspiel KTS-KTS} Rc8 30. Nd3 Nxd3 31. Rxd3 {KT-KT} h5 32. Rd1 g5 33. h3 h4 34. Rd2 {Die Stellung ist ausgeglichen.} Rb8 35. Rd1 Rc8 36. Rd2 Rg8 37. Rd1 Rc8 38. Rd2 {Precision: Weiß = 70%, Schwarz = 66%.} 1/2-1/2

[Event "36th Mitropa Cup Open 2018"]
[Site "Isola Capo Rizzuto"]
[Date "2018.06.09"]
[Round "9"]
[White "Srbis, Jurica"]
[Black "Perske, Thore"]
[Result "1/2-1/2"]
[WhiteElo "2416"]
[BlackElo "2464"]
[Annotator "TA"]
[PlyCount "59"]
[EventDate "2018.05.31"]
[EventType "team-tourn"]
[EventCountry "ITA"]
[SourceTitle "playchess.com"]
[Source "ChessBase"]
[SourceQuality "1"]
[WhiteTeam "Croatia"]
[BlackTeam "Germany"]
[WhiteTeamCountry "CRO"]
[BlackTeamCountry "GER"]

{[%evp 13,59,35,43,22,29,33,25,34,32,33,41,29,38,43,50,14,31,14,17,16,25,22,10,17,17,10,26,25,19,20,22,13,46,4,4,4,10,10,34,35,37,28,35,46,89,81,76,74]} 1. e4 e6 2. d4 d5 3. exd5 exd5 4. Nf3 Nf6 5. Bd3 Bd6 6. Qe2+ Qe7 7. Qxe7+ Bxe7 {LiveBook: 30 Games} 8. Bg5 {C01: French: Exchange Variation} (8. Bf4 c6 9. O-O O-O 10. Re1 Re8 11. Nbd2 Bg4 12. Ne5 Be6 13. Nb3 a5 14. Nc5 Bxc5 15. dxc5 Nbd7 16. Nxd7 Bxd7 {1-0 (33) Carlsen,M (2838)-Meier,G (2630) chess.com INT 2017}) 8... Bg4 9. Nbd2 Nbd7 10. O-O {[%cal Bh1f1,Bf1e1,Be1e6][%mdl 32] White has an edge.} h6 11. Bf4 c6 12. Rfe1 Be6 13. h3 g5 $146 ({Predecessor:} 13... O-O 14. Ne5 Nxe5 15. Bxe5 {½-½ (23) Vourvahaki,K-Magklara,E Ermioni Argolidas 2006}) 14. Bg3 Kf8 15. Ne5 Nh5 16. Ng6+ fxg6 17. Rxe6 Nxg3 18. fxg3 {[#] And now Rf1+ would win.} Bf6 19. Nf3 Kg7 20. Rae1 {Threatens to win with Re7+!} Rhd8 21. c3 Nf8 22. R6e2 Rd7 23. h4 g4 24. Ne5 Bxe5 $1 25. Rxe5 Rf7 26. h5 $36 {[%mdl 2048] White has good play.} gxh5 27. Rxh5 Nd7 $1 28. Re6 Nf6 29. Rf5 Raf8 30. Rf4 {Precision: White = 60%, Black = 63%.} 1/2-1/2